[Event "FRA-chT4 1415"]
[Site "Champagne Ardennes"]
[Date "2014.12.14"]
[Round "2"]
[White "Laurain, Hery Dominic"]
[Black "Monceau, Etienne"]
[Result "0-1"]
[WhiteElo "1550"]
[BlackElo "1726"]
[PlyCount "145"]
[EventDate "2014.10.16"]
[EventType "team-tourn"]
[EventRounds "7"]
[EventCountry "FRA"]
[SourceTitle "EXT 2024"]
[Source "ChessBase"]
[SourceDate "2023.10.10"]
[SourceVersion "1"]
[SourceVersionDate "2023.10.10"]
[SourceQuality "1"]

1. Nf3 e6 2. b3 c5 3. e3 Nf6 4. Bb2 d5 5. c4 Nc6 6. d4 cxd4 7. Nxd4 Bb4+ 8. Nc3 Ne4 9. Qc2 Nxd4 10. exd4 Qa5 11. Rc1 Qxa2 12. Bd3 Bxc3+ 13. Bxc3 Qxc2 14. Rxc2 Nxc3 15. Rxc3 dxc4 16. bxc4 Bd7 17. 0-0 0-0 18. Ra1 Bc6 19. f3 Rfd8 20. d5 exd5 21. cxd5 Bxd5 22. Rc7 a6 23. Be4 Rab8 24. Re1 Re8 25. Rd1 Bxe4 26. fxe4 Rxe4 27. Rdd7 Rf4 28. Rxb7 Rc8 29. Rbc7 Re8 30. Re7 Kf8 31. Rxe8+ Kxe8 32. Ra7 Rf6 33. Ra8+ Kd7 34. Ra7+ Kc8 35. Re7 Kb8 36. Re2 a5 37. Ra2 Ra6 38. Kf2 Kc7 39. Rc2+ Rc6 40. Ra2 Kb6 41. Rb2+ Ka6 42. Ra2 Rc4 43. Ke3 Kb5 44. Rb2+ Rb4 45. Ra2 a4 46. Kd3 Rb3+ 47. Kd4 Kb4 48. Rf2 f6 49. Rc2 a3 50. Rc4+ Ka5 51. Rc8 Rb4+ 52. Kc3 Re4 53. Kb3 Re3+ 54. Ka2 Kb4 55. Rb8+ Kc4 56. Rc8+ Kd5 57. Rd8+ Ke5 58. Rd2 f5 59. g3 g5 60. Rc2 Ke4 61. Rc7 f4 62. gxf4 gxf4 63. Rxh7 f3 64. Re7+ Kf4 65. Rf7+ Kg4 66. Rg7+ Kh3 67. Rh7+ Kg2 68. Rg7+ Kxh2 69. Rh7+ Kg2 70. Rg7+ Kf1 71. Rf7 f2 72. Rc7 Kg2 73. Rg7+ 0-1

[Event "FRA-chT4 1314"]
[Site "Champagne Ardennes"]
[Date "2014.12.12"]
[Round "1"]
[White "Laurain, Hery Dominic"]
[Black "Hacene, Ahmed"]
[Result "1/2-1/2"]
[WhiteElo "1550"]
[BlackElo "1763"]
[PlyCount "73"]
[EventDate "2013.10.25"]
[EventType "team-tourn"]
[EventRounds "7"]
[EventCountry "FRA"]
[SourceTitle "EXT 2024"]
[Source "ChessBase"]
[SourceDate "2023.10.10"]
[SourceVersion "1"]
[SourceVersionDate "2023.10.10"]
[SourceQuality "1"]

1. Nf3 d5 2. b3 Nf6 3. Bb2 c5 4. e3 Nc6 5. c4 Bg4 6. Be2 e6 7. 0-0 Be7 8. d4 0-0 9. Nc3 cxd4 10. Nxd4 Bxe2 11. Ncxe2 Qb6 12. cxd5 Nxd5 13. Rc1 Rad8 14. Nxc6 bxc6 15. Qd4 Qxd4 16. Bxd4 Nb4 17. a3 Nd3 18. Rxc6 Bxa3 19. Bxa7 e5 20. e4 Rd7 21. Be3 Rb8 22. b4 Bxb4 23. Rb1 Rdd8 24. Ng3 g6 25. Rb6 Rxb6 26. Bxb6 Rc8 27. Rd1 Nf4 28. Rd8+ Rxd8 29. Bxd8 Bc5 30. Kf1 h5 31. f3 Kg7 32. Bc7 f6 33. Ne2 g5 34. Nxf4 gxf4 35. h3 Kg6 36. Ke2 Be3 37. Kd3 1/2-1/2